000 00294 a2200133 4500
001 194979
040 _cMagnum
100 _aTorero, José Roberto
240 1 0 _aChapeuzinhos coloridos
_lpor
245 1 0 _aChapeuzinhos coloridos
300 _a15
697 _aLITERATURA INFANTIL
942 _cBK
999 _c194979
_d194979